La pena di morte e la sua abolizione (Record no. 53320)

MARC details
000 -LEADER
campo de control de longitud fija 00728nam a2200193 i 4500
001 - NÚMERO DE CONTROL
campo de control 53320
003 - IDENTIFICADOR DE NÚMERO DE CONTROL
campo de control ES-MaACL
005 - FECHA Y HORA DE LA ÚLTIMA TRANSACCIÓN
campo de control 20250808034523.0
007 - CAMPO FIJO DE DESCRIPCIÓN FÍSICA--INFORMACIÓN GENERAL
campo de control de longitud fija t|
008 - DATOS DE LONGITUD FIJA--INFORMACIÓN GENERAL
campo de control de longitud fija 950921s1875 it |||| | ita d
080 ## - NÚMERO DE LA CLASIFICACIÓN DECIMAL UNIVERSAL
Número de la Clasificación Decimal Universal 343.25
100 1# - ENTRADA PRINCIPAL--NOMBRE DE PERSONA
Nombre de persona Ercole, Pasquale d'.
9 (RLIN) 47369
245 13 - MENCIÓN DEL TÍTULO
Título La pena di morte e la sua abolizione
Resto del título : dichiarate teoricamente e storicamente secondo la filosofia hegeliana /
Mención de responsabilidad, etc. per Pasquale D'Ercole.
260 ## - PUBLICACIÓN, DISTRIBUCIÓN, ETC.
Lugar de publicación, distribución, etc. Milano ;
-- Napoli :
Nombre del editor, distribuidor, etc. Ulrico Hoepli,
Fecha de publicación, distribución, etc. 1875 (
Lugar de fabricación/manufactura Pavia :
Fabricante coi tipi dei Successori Bizzoni)
300 ## - DESCRIPCIÓN FÍSICA
Extensión 293 p. ;
Dimensiones 20 cm.
650 07 - PUNTO DE ACCESO ADICIONAL DE MATERIA--TÉRMINO DE MATERIA
Término de materia o nombre geográfico como elemento de entrada Pena de muerte
Fuente del encabezamiento o término embne
9 (RLIN) 15915
852 ## - LOCALIZACIÓN
Ubicación ES-MaACL
Número de control de estantería D-277(1)
Nota libre - Encuadernado con otras obras
-- .- Donativo Lastres
Holdings
Estatus retirado Estado de pérdida Estado de daño No para préstamo Colección Biblioteca de origen Biblioteca actual Ubicación en estantería Fecha de adquisición Fuente de adquisición Total de préstamos Signatura topográfica completa Código de barras Visto por última vez Precio de reemplazo Tipo de ítem Koha
        Libros del s. XIX Biblioteca del Ateneo de Madrid Biblioteca del Ateneo de Madrid Sala Valle Inclán 17/01/2008     D-277(1) 901056025 23/02/2023 23/02/2023 Libro impreso antiguo